| 000 | 00361nam a2200133Ia 4500 | ||
|---|---|---|---|
| 008 | 220214s9999 xx 000 0 und d | ||
| 022 | _a0143-7208 | ||
| 245 | 0 | _aDYES AND PIGMENTS | |
| 260 |
_bElsevier Applied Science Publishers _aEngland |
||
| 310 | _a12 | ||
| 500 | _aEnding Volume & Year: 7, 1986 | ||
| 500 | _aStarting Volume & Year: 4, 1983 | ||
| 942 | _cBJ | ||
| 999 |
_c16919 _d16919 |
||